000 00358nam a22001217a 4500
008 210331b ||||| |||| 00| 0 eng d
082 _a332.11095 ROY
245 _aRoyal Monetary Authority of Bhutan : Annual report
260 _aThimphu :
_bRoyal Monetary Authority of Bhutan,
_c2020.
300 _a159 p.
_c26 cm.
650 _aEconomic review
942 _2ddc
999 _c8686
_d8687